Mathematical logic for computer science (Registro nro. 306685)

Detalles MARC
000 -ENCABEZADO
Número de control [NR] 01068cmm a2200325Mc 4500
001 - NÚMERO DE CONTROL
control field ocn840009142
005 - FECHA Y HORA DE LA ÚLTIMA TRANSACCIÓN
control field 20211105120833.0
007 - CAMPO DESCRIPCIÓN FÍSICA FIJA - INFORMACIÓN GENERAL
fixed length control field cr |||||||||||
008 - DE LONGITUD FIJA DE DATOS DE ELEMENTOS - INFORMACIÓN GENERAL
Elementos de longitud fija [NR] 170717s2012 enk u eng d
016 7# - NUMERO DE CONTROL DE AGENCIA BIBLIOGRAFICA NACIONAL [R]
Número de control [NR] 1023424096
Fuente [NR] DE-101
020 ## - NUMERO INTERNACIONAL NORMALIZADO PARA LIBROS [R]
Número Internacional Normalizado del libro [NR] 9781447141280 (3a.Ed.)
020 ## - NUMERO INTERNACIONAL NORMALIZADO PARA LIBROS [R]
ISBN Cancelado/ Invalidado [R] 1447141288
020 ## - NUMERO INTERNACIONAL NORMALIZADO PARA LIBROS [R]
Número Internacional Normalizado del libro [NR] 9781447141297
020 ## - NUMERO INTERNACIONAL NORMALIZADO PARA LIBROS [R]
ISBN Cancelado/ Invalidado [R] 1447141296
024 7# - OTRO IDENTIFICADOR NORMALIZADO [R]
Número o código normalizado [NR] 10.1007/978-1-4471-4129-7
Fuente del número o código [NR] doi
035 ## - NUMERO DE CONTROL DEL SISTEMA [R]
Número de control del sistema [NR] (OCoLC)840009142
Numero Cancelado/no válido [R] (OCoLC)802221563
-- (OCoLC)803278174
040 ## - FUENTE DE CATALOGACION [NR]
Agencia de catalogación original [NR] Co-BoUCM
Idioma de catalogación [NR] spa
Quien Cataloga Saul Niño
Quien Clasifica Saul Niño
041 0# - CODIGO DE IDIOMA [R]
Código de idioma para texto/pista de sonido o título separado [R] Inglés
100 1# - ASIENTO PRINCIPAL--NOMBRE PERSONAL [NR]
Nombre personal [NR] Ben-Ari, Mordechai
ID Autoridad 86555
245 10 - MENCION DE TITULO [NR]
Título [NR] Mathematical logic for computer science
Mención de responsabilidad, etc. [NR] by Mordechai Ben-Ari
250 ## - MENCION DE EDICION [NR]
Mención de edición [NR] Tercera edición
260 3# - PUBLICACION, DISTRIBUCION, ETC. (PIE DE IMPRENTA) [R]
Lugar de publicación, distribución, etc. [R] London
Nombre del editor, distribuidor, etc. [R] Springer London
Fecha de publicación, distribución, etc. [R] 2012
300 ## - DESCRIPCION FISICA [R]
Extensión [R] xv, 346 páginas
546 ## - NOTA DE IDIOMA [R]
Nota de idioma [NR] Texto en inglés
650 #7 - ASIENTO SECUNDARIO DE MATERIA - TERMINO TEMATICO [R]
Término temático o nombre geográfico como elemento de entrada [NR] Lenguajes de programación
9 (RLIN) 18387
650 #7 - ASIENTO SECUNDARIO DE MATERIA - TERMINO TEMATICO [R]
Término temático o nombre geográfico como elemento de entrada [NR] Programación evolutiva (Computación)
9 (RLIN) 22498
650 #7 - ASIENTO SECUNDARIO DE MATERIA - TERMINO TEMATICO [R]
Término temático o nombre geográfico como elemento de entrada [NR] Lógica simbólica y matemática
9 (RLIN) 18802
942 ## - ELEMENTOS DE ENTRADA AGREGADOS (KOHA)
Sistema de clasificación DEWEY
Tema principal Ciencias puras
Tipo de ítem principal el descrito en 300a Libro
Edición 3
Clasificación 511.3
Parte restante de la signatura top. B456m
Existencias
Fecha de último préstamo Total préstamos Total Renewals Signatura topográfica Código de barras Última vez visto Volúmen / Fascículo Ejemplar Costo de reposición Price effective from Tipo de ítem Perdido Sistema de clasificación Dañado No prestable Tipo de ítem específico Suprimido Ubicación habitual Ubicación actual Localización Fecha de creación Proveedor Forma de adquisición Costo
07/03/2024 8 9 511.3 B456m 100153644 03/12/2025 3a.Ed. Ej.4 148000.00 14/07/2017 Libro   DEWEY     Libro   Claustro Claustro 4to piso 14/07/2017 26 Compra 148000.00
      511.3 B456m 100153601 03/12/2025 3a.Ed. Ej.1 148000.00 14/07/2017 Libro de reserva   DEWEY     Libro de reserva   Claustro Claustro 4to piso 14/07/2017 26 Compra 148000.00
20/08/2025 6 2 511.3 B456m 100153643 03/12/2025 3a.Ed. Ej.3 148000.00 14/07/2017 Libro   DEWEY     Libro   Claustro Claustro 4to piso 14/07/2017 26 Compra 148000.00
08/08/2024 9 15 511.3 B456m 100153602 03/12/2025 3a.Ed. Ej.2 148000.00 14/07/2017 Libro   DEWEY     Libro   Claustro Claustro 4to piso 14/07/2017 26 Compra 148000.00